| 000 | 00775nam a2200205 i 4500 | ||
|---|---|---|---|
| 001 | 153033 | ||
| 003 | ES-MaACL | ||
| 005 | 20230906205006.0 | ||
| 008 | 950223s1887 sp |||| | spa d | ||
| 040 |
_aCLM _bspa _cCCPB | SIC |
||
| 245 | 0 | 0 |
_aLegislación foral de España _b: derecho vigente en Cataluña / _ccon un prólogo del Excmo. Sr. Miguel Castells y de Bassols. |
| 260 |
_aMadrid : _b[s.n.], _c1887 ( _fEstablecimiento tipográfico de Pedro Núñez) |
||
| 300 |
_a2 v. (271 ; 272 p.) ; _c18 cm. |
||
| 490 | 1 |
_aBiblioteca judicial ; _v43-44 |
|
| 650 | 4 |
_aFueros- _zCataluña. _9136143 |
|
| 700 | 1 |
_aCastells y Bassols, Miguel. _9126381 |
|
| 830 | 0 |
_aBiblioteca judicial ; _v43-44 _9181856 |
|
| 852 |
_aES-MaACL _jB-6656-57 _z-- Enc. pasta |
||
| 999 |
_c153033 _d153033 |
||